000 00638nam a2200253Ia 4500
008 160321s9999||||xx |||||||||||||| ||und||
040 _cEnglish
082 _aXV.A
082 _bBORI-87096
245 2 _aA Tibetian Englsih Lanuage Dictionary
260 _aDelhi
260 _bSri Satguru Publications
300 _axxxiv+1353
300 _cE
300 _eHardbound
530 _bK.Khanvelkar
530 _u00035870.pdf
563 _areference
630 _aA Tibetian Englsih Lanuage Dictionary
650 _aDictionary
650 _aReference
730 _aA Tibetian Englsih Lanuage Dictionary
942 _cBOOK
999 _c1371384
_d1371381